| 000 | 00811cam a22002413a 4500 | ||
|---|---|---|---|
| 001 | 31066 | ||
| 003 | PGUSA | ||
| 005 | 20140828083655.0 | ||
| 008 | 100125s2010||||xxu|||||s|||||000 | eng d | ||
| 040 |
_aPGUSA _beng |
||
| 042 | _adc | ||
| 050 | 4 | _aLA | |
| 100 | 1 |
_aPardo de Tavera, T. H. _q(Trinidad Hermenegildo), _d1857-1925 |
|
| 245 | 1 | 0 |
_aEl legado del ignorantismo : _bConferencia dada el 23 de abril de 1920 ante la Asamblea de Maestros en Baguio _h[electronic resource] / _cT. H. Pardo de Tavera |
| 260 |
_bProject Gutenberg, _c2010 |
||
| 506 | _aPublic domain in the USA. | ||
| 516 | _aElectronic text | ||
| 653 | _aEducation -- Philippines | ||
| 653 | _aChurch and education -- Philippines | ||
| 830 | 0 |
_aProject Gutenberg _v31066 |
|
| 856 | 4 | 0 | _uhttp://www.gutenberg.org/ebooks/31066 |
| 942 | _cEB | ||
| 999 |
_c260321 _d260321 |
||